Оборудование для испытания листовых конструкционных материалов при двухостном растяжении. Сообщение 2. Испытание двухостным нагружением в плоскости листа; Проблемы прочности; № 2

Dettagli Bibliografici
Parent link:Проблемы прочности=Strength of Materials: научно-технический журнал/ Национальная академия наук Украины (НАНУ, НАН Украины), Институт проблем прочности им. Г. С. Писаренко (ИПП).— , 1969-.— 0556-171X
№ 2.— 2002.— С. 135-143
Autore principale: Музыка Н. Р.
Lingua:russo
Pubblicazione: 2002
Serie:Производственный раздел
Soggetti:
Natura: MixedMaterials Capitolo di libro
KOHA link:https://koha.lib.tpu.ru/cgi-bin/koha/opac-detail.pl?biblionumber=382562

MARC

LEADER 00000naa2a2200000 4500
001 382562
005 20231101063006.0
035 |a (RuTPU)RU\TPU\prd\6678 
090 |a 382562 
100 |a 20020924a2002 k y0rusy50 ca 
101 0 |a rus 
102 |a un 
200 1 |a Оборудование для испытания листовых конструкционных материалов при двухостном растяжении. Сообщение 2. Испытание двухостным нагружением в плоскости листа  |f Н. Р. Музыка 
225 1 |a Производственный раздел 
320 |a Библиогр.: 9 назв. 
461 1 |0 (RuTPU)RU\TPU\prd\1695  |x 0556-171X  |t Проблемы прочности  |l Strength of Materials  |o научно-технический журнал  |f Национальная академия наук Украины (НАНУ, НАН Украины), Институт проблем прочности им. Г. С. Писаренко (ИПП)  |d 1969- 
463 1 |0 (RuTPU)RU\TPU\prd\4200  |t № 2  |v С. 135-143  |d 2002 
610 1 |a листовые материалы 
610 1 |a крестообразный образец 
610 1 |a реверсор 
610 1 |a двухосное цилиндрическое нагружение 
610 1 |a двухосное динамическое нагружение 
675 |a 620.105:620.171.3  |v 3 
700 1 |a Музыка  |b Н. Р. 
801 1 |a RU  |b 63413507  |c 20020924  |g PSBO 
801 2 |a RU  |b 63413507  |c 20121001  |g PSBO 
942 |c BK